| 000 | 00801nam a22001337a 4500 | ||
|---|---|---|---|
| 040 | _cRUA | ||
| 082 | _aAGR HOE 2017 B636 Or.1 | ||
| 100 | _aHOEM PIN ហ៊ឹម ពីន | ||
| 245 | _aeffect of mineral fertilizers and soil amendments on growth and yield of maize in pratehlang soil group ប្រសិទ្ធភាពនៃការប្រើប្រាស់ជីគីមី និង សារធាតុកែលម្អដីទៅលើការលូតលាស់ និងទិន្នផលពោតក្នុងលក្ខខណ្ឌដីប្រទះទ្បាង | ||
| 260 |
_aphnom penh _bRUA _c2017 |
||
| 300 |
_aX;35P; _bill; _c29cm; |
||
| 856 | _uhttps://drive.google.com/file/d/1eWA4i1TyO-WfE9lTqU-pq9RNFlhTjgQN/view?usp=sharing | ||
| 942 | _cAGR | ||
| 999 |
_c18007 _d18007 |
||